01629cam a22003734a 4500952014700000999001700147001000900164003000400173005001700177008004100194010001700235020001800252020001500270025002700285037006300312040001900375042001000394043001200404050002700416082002200443100003300465245007100498260004900569300002800618504006600646651004700712700003700759856010600796856009100902856009200993856007501085906004501160942005001205 00102ddc40708POLITICAL SCIENCEaMESbMEScPOLd2019-02-20g345.00l0o320.540954 BAN/Np35770r2019-02-20 00:00:00w2019-02-20yBKzGL10R1 c21516d2151615591699OSt20200605111256.0090119s2009 ii b 001 0 eng  a 2009341049 a9780195698817 a0195698819 aI-E-2009-341049; 61-92 bLibrary of Congress -- New Delhi Overseas OfficecRs345.00 aDLCcoclcdDLC alcode aa-ii---00aDS480.45b.N32917 2009 a320.540954bBAN/N 91696aBandyopadhyay, Sekhar 00aNationalist movement in India :ba reader /cSekhar Bandyopadhyay. aNew Delhi :bOxford University Press,c2009. axliii, 389 p. ;c22 cm. aIncludes bibliographical references (p. [359]-378) and index. 0aIndiaxPolitics and governmenty1919-1947.1 aBandyopādhyāẏa, Śekhara.423Contributor biographical informationuhttp://www.loc.gov/catdir/enhancements/fy0907/2009341049-b.html423Publisher descriptionuhttp://www.loc.gov/catdir/enhancements/fy0907/2009341049-d.html413Table of contents onlyuhttp://www.loc.gov/catdir/enhancements/fy0907/2009341049-t.html423Book review (H-Net)uhttp://www.h-net.org/reviews/showrev.php?id=26457 a7bcbccorigoded3encipf20gy-gencatlg 2ddccBKh320.540954iBAN/Nk320.540954mBAN/N